| 000 | 00368 a2200157 4500 | ||
|---|---|---|---|
| 001 | 68408 | ||
| 020 | _a9786556131641 | ||
| 040 | _cAnchieta - Pituba | ||
| 100 | _aMachado, Vitória Alana Ostetti | ||
| 240 | 1 | 0 |
_aLíngua Portuguesa 7º ano _l |
| 245 | 1 | 0 | _aLíngua Portuguesa 7º ano |
| 300 | _a336 | ||
| 362 | 0 | _a2023 | |
| 650 | 4 | _aLíngua portuguesa | |
| 942 | _cBK | ||
| 999 |
_c68408 _d68408 |
||